Efektívnosť stojí aj na paletách

Palety sú na prvý pohľad nenápadnou súčasťou logistiky. Hoci sú takmer nevyhnutnou súčasťou mnohých ostro sledovaných procesov, samy akoby nezriedka pozornosti unikali. Nezanedbateľná váha zefektívňovania logistických procesov však stojí práve na nich. Nastavenie paletového hospodárstva preto neradn...

Ausführliche Beschreibung

Gespeichert in:
Bibliographische Detailangaben
1. Verfasser: Maťo, Vladimír
Format: Buchkapitel
Sprache:Slowakisch
Schlagworte:
Tags: Tag hinzufügen
Keine Tags, Fügen Sie das erste Tag hinzu!

MARC

LEADER 00000naa a2200000 4500
001 0306045
005 20250110101423.0
041 0 |a slo 
044 |a CZ 
245 1 0 |a Efektívnosť stojí aj na paletách  |c Vladimír Maťo 
520 |a Palety sú na prvý pohľad nenápadnou súčasťou logistiky. Hoci sú takmer nevyhnutnou súčasťou mnohých ostro sledovaných procesov, samy akoby nezriedka pozornosti unikali. Nezanedbateľná váha zefektívňovania logistických procesov však stojí práve na nich. Nastavenie paletového hospodárstva preto neradno ignorovať ani podceniť. A kým niektoré firmy sú odhodlané vyskladať ideálne riešenie na vlastnom paletovom fonde, čoraz obľúbenejšou sa stáva možnosť prenechať správu stohov dodávateľom. 
610 2 0 |a logistika 
610 2 0 |a palety 
610 2 0 |a efektívnosť 
610 2 0 |a manipulácia s tovarom 
610 2 0 |a systémy automatické 
100 1 |a Maťo, Vladimír